000 00927cam a2200193 4500
001 WB3828-12
008 020801n2002 000 0 eng u
035 _a(Sirsi) u119145
245 _aProfessional liabilities can damage your wealth
260 _c2002
490 _aRICS Feature
_v 31 July 2002, (2)
520 _aProfessional Indemnity insurers of RICS members operating in UK property market are becoming concerned about possibility of another flood of valuation losses and claims following news of 'overheated' housing market. Roger Flaxman, insurance adviser to RICS, suggests some reasonable precautions that can be taken to give optimum protection. www.rics.org/ricscms/bin/show?class=Feature&template=/includes/showfeature.html&id=301#
590 _aWB
650 _aPROFESSIONAL INDEMNITY INSURANCE
650 _aPROFESSIONAL LIABILITY
650 _aLIABILITIES
690 _aInsurance
_96249
942 _n0
999 _c70872
_d70872